Sports Quiz

Random Sports or Olympics Quiz
Score 0/32 Timer 05:00
0 Plays Today
Event Name % Correct
Women's 4x100m Freestyle RelayCate Campbell
91%
Women's 4x100m Medley RelayCate Campbell
91%
Women's 4x100m Freestyle RelayBronte Campbell
89.6%
Men's 400m FreestyleMack Horton
85.1%
Women's 4x100m Freestyle RelayEmma McKeon
74.6%
Men's 4x100m Freestyle RelayKyle Chalmers
74.6%
Womens' 200m FreestyleEmma McKeon
74.6%
Men's 100m FreestyleKyle Chalmers
74.6%
Women's 4x200m Freestyle RelayEmma McKeon
74.6%
Women's 4x100m Medley RelayEmma McKeon
74.6%
Men's 4x100m Medley RelayKyle Chalmers
74.6%
Women's 4x100m Medley RelayEmily Seebohm
68.7%
Men's 200m BackstrokeMitch Larkin
62.7%
Men's 4x100m Medley RelayMitch Larkin
62.7%
Men's 4x100m Freestyle RelayCameron McEvoy
59.7%
Men's 4x100m Medley Relay (Heat Swim)Cameron McEvoy
59.7%
Event Name % Correct
Men's 4x100m Freestyle RelayJames Magnussen
56.7%
Women's 4x100m Medley RelayTaylor McKeown
35.8%
Women's 200m ButterflyMadeline Groves
34.3%
Women's 4x100m Medley Relay (Heat Swim)Madeline Groves
34.3%
Women's 4x100m Freestyle RelayBrittany Elmslie
32.8%
Women's 4x100m Medley Relay (Heat Swim)Brittany Elmslie
32.8%
Women's 4x100m Freestyle Relay (Heat Swim)Madison Wilson
31.3%
Women's 4x100m Medley Relay (Heat Swim)Madison Wilson
31.3%
Women's 4x200m Freestyle RelayBronte Barratt
29.9%
Men's 4x100m Freestyle RelayJames Roberts
28.4%
Men's 4x100m Freestyle Relay (Heat Swim)Matthew Abood
25.4%
Men's 4x100m Medley RelayJake Packard
20.9%
Men's 4x100m Medley RelayDavid Morgan
20.9%
Women's 4x200m Freestyle RelayTamsin Cook
19.4%
Women's 4x200m Freestyle Relay (Heat Swim)Jess Ashwood
14.9%
Women's 4x200m Freestyle RelayLeah Neale
13.4%
Remove Ads.
Support Sporcle.
Get the best of Sporcle when you Go Orange. This ad-free experience offers more features, more stats, and more fun while also helping to support Sporcle. Thank you for becoming a member.

You're not logged in!

Compare scores with friends on all Sporcle quizzes.
OR
Log In

Show Comments

Extras

Top Quizzes Today


Score Distribution

Your Account Isn't Verified!

In order to create a playlist on Sporcle, you need to verify the email address you used during registration. Go to your Sporcle Settings to finish the process.

Report this User

Report this user for behavior that violates our Community Guidelines.

Details: